| 000 | 03012nam a2200445 a 4500 | ||
|---|---|---|---|
| 001 | ebr10635017 | ||
| 003 | CaPaEBR | ||
| 006 | m u | ||
| 007 | cr cn||||||||| | ||
| 008 | 120321s2013 mau sb 001 0 eng d | ||
| 010 | _z 2012011027 | ||
| 020 | _z9781611683257 (cloth : alk. paper) | ||
| 020 | _z9781611683264 (pbk. : alk. paper) | ||
| 020 | _z9781611683271 (e-book) | ||
| 040 |
_aCaPaEBR _cCaPaEBR |
||
| 035 | _a(OCoLC)826930946 | ||
| 043 | _af-sa--- | ||
| 050 | 1 | 4 |
_aK670 _b.G435 2013eb |
| 082 | 0 | 4 |
_a346.01/5 _223 |
| 245 | 0 | 0 |
_aGender, religion, & family law _h[electronic resource] : _btheorizing conflicts between women's rights and cultural traditions / _cedited by Lisa Fishbayn Joffe and Sylvia Neil. |
| 246 | 3 | _aGender, religion, and family law | |
| 260 |
_aWaltham, Mass. : _bBrandeis University Press, _c2013. |
||
| 300 | _axxxvi, 308 p. | ||
| 490 | 1 | _aBrandeis series on gender, culture, religion, and law | |
| 504 | _aIncludes bibliographical references and index. | ||
| 505 | 0 | _aIntroduction : theorizing conflicts between women's rights and religious laws / Lisa Fishbayn Joffe -- Principles or compromises : accommodating gender equality and religious freedom in multicultural societies / Martha Minow -- Privatizing diversity : a cautionary tale from religious arbitration in family law / Ayelet Shachar -- Marriage pluralism, family law jurisdiction, and sex equality in the united states / Linda C. McClain -- From religious "right" to civil "wrong" : using Israeli tort law to unravel the knots of gender, equality, and Jewish divorce / Susan Weiss -- Flirting with god in western secular courts : mahr in the west / Pascale Fournier -- Muslim family law in South Africa : conflating the right to religion with the privileging of religion? / Rashida Manjoo -- Recognition of polygamous marriages in the new South Africa / Likhapha Mbatha and Lisa Fishbayn Joffe -- Women, resources, and changing the religious system: a case study of the orthodox Jewish wedding ritual / Irit Koren -- The yoetzet halakhah : avoiding conflict while instituting change / Michal Roness -- The temple of women initiates project: a framework for culturally meaningful feminist expression in rural areas / Fatou Kin� Camara. | |
| 533 |
_aElectronic reproduction. _bPalo Alto, Calif. : _cebrary, _d2013. _nAvailable via World Wide Web. _nAccess may be limited to ebrary affiliated libraries. |
||
| 650 | 0 | _aDomestic relations. | |
| 650 | 0 | _aLegal polycentricity. | |
| 650 | 0 |
_aJews _xLegal status, laws, etc. |
|
| 650 | 0 |
_aMuslims _xLegal status, laws, etc. |
|
| 650 | 0 | _aCustomary law. | |
| 650 | 0 |
_aDomestic relations _zSouth Africa. |
|
| 655 | 7 |
_aElectronic books. _2local |
|
| 700 | 1 | _aJoffe, Lisa Fishbayn. | |
| 700 | 1 | _aNeil, Sylvia. | |
| 710 | 2 | _aebrary, Inc. | |
| 830 | 0 | _aBrandeis series on gender, culture, religion & law. | |
| 856 | 4 | 0 |
_uhttp://site.ebrary.com/lib/rucke/Doc?id=10635017 _zAn electronic book accessible through the World Wide Web; click to view |
| 999 |
_c47911 _d47911 |
||